Chemistry

Gorde:
Xehetasun bibliografikoak
Egile nagusia: Whitten, Kenneth W. ... [et al.]
Formatua: Liburua
Hizkuntza:Undetermined
Argitaratua: Australia Thomson Brooks/Cole 2007
Gaiak:
Etiketak: Etiketa erantsi
Etiketarik gabe, Izan zaitez lehena erregistro honi etiketa jartzen!
Thư viện lưu trữ: Trung tâm Học liệu Trường Đại học Cần Thơ
LEADER 00531nam a2200205Ia 4500
001 CTU_123391
008 210402s9999 xx 000 0 und d
020 |c 2736000 
082 |a 540 
082 |b C517 
100 |a Whitten, Kenneth W. ... [et al.] 
245 0 |a Chemistry 
245 0 |c Kenneth W. Whitten ... [et al.]. 
260 |a Australia 
260 |b Thomson Brooks/Cole 
260 |c 2007 
650 |a Chemistry 
650 |x Textbooks. 
904 |i Minh 
980 |a Trung tâm Học liệu Trường Đại học Cần Thơ